| 000 | 00604cam a22002411 4500 | ||
|---|---|---|---|
| 001 | sa 68000159 | ||
| 003 | DLC | ||
| 005 | 20260227112421.0 | ||
| 008 | 850617s1966 ii 000 0 kan | ||
| 010 | _asa 68000159 | ||
| 020 | _cRe1 | ||
| 025 | _aPL480:I-Kan-796 | ||
| 035 | _a(OCoLC)13890032 | ||
| 040 |
_aDLC _cNN _dDLC |
||
| 042 | _apremarc | ||
| 050 | 0 | 0 |
_aPL4659.P797 _bM3 |
| 100 | 0 |
_aKuvempu, _d1904-1994. |
|
| 245 | 1 | 0 |
_aMantrākṣate. _c[Lēkhaka] Kuvempu. |
| 260 |
_aMaisūru, _bUdayaravi Prakāśana _c[1966] |
||
| 300 |
_a51 p. _c19 cm. |
||
| 500 | _aIn Kannada. | ||
| 500 | _aPoems. | ||
| 999 |
_c76991 _d76991 |
||